[Event "SK Münster 4 - TV Borken 1"]
[Site "Verbandsliga 2016/2017"]
[Date "2017.02.11"]
[Round "7.1"]
[White "Schroer, Klaus"]
[Black "Tietz, Eric"]
[Result "1/2-1/2"]
[WhiteElo "2050"]
[BlackElo "1911"]
[PlyCount "120"]
[EventDate "2017.??.??"]
[SourceDate "2016.09.26"]

1. e4 e5 2. Nf3 Nc6 3. Bb5 a6 4. Bxc6 dxc6 5. O-O Bg4 6. h3 h5 7. d3 Qf6 8. Be3
Bxf3 9. Qxf3 Qxf3 10. gxf3 Bd6 11. Nc3 Ne7 12. Ne2 Ng6 13. Kh2 O-O-O 14. Rg1
Rdg8 15. Kh1 Nh4 16. Rg3 f6 17. f4 exf4 18. Bxf4 g5 19. Bxd6 cxd6 20. f4 g4 21.
f5 Nf3 22. Ng1 Ne5 23. d4 Nf7 24. Re1 Nh6 25. c4 Re8 26. Rge3 Re7 27. d5 Rhe8
28. R3e2 Nf7 29. h4 Ne5 30. b3 Nd3 31. Rd1 Nc5 32. dxc6 Nxe4 33. cxb7+ Kxb7 34.
Rd3 Ng3+ 35. Rxg3 Rxe2 36. Nxe2 Rxe2 37. Rd3 Kc6 38. Rd5 Rxa2 39. Kg1 Ra3 40.
b4 Rb3 41. Ra5 Rxb4 42. Rxa6+ Kc5 43. Ra8 Rxc4 44. Rf8 Rf4 45. Rxf6 Kd5 46. Kg2
Rf3 47. Kg1 Kc5 48. Rf8 Kd4 49. f6 Ke5 50. f7 Ke6 51. Rh8 Kxf7 52. Rxh5 Rh3 53.
Kg2 Ke6 54. Rh6+ Ke5 55. Rh8 Rd3 56. Rg8 Kf4 57. Rf8+ Ke5 58. Rg8 Kf5 59. Rf8+
Ke6 60. Rg8 Kf5 1/2-1/2

[Event "SK Münster 4 - TV Borken 1"]
[Site "Verbandsliga 2016/2017"]
[Date "2017.02.11"]
[Round "7.2"]
[White "Schulz, Stefan"]
[Black "Schulze-Schwering, Philipp"]
[Result "0-1"]
[WhiteElo "1884"]
[BlackElo "2050"]
[PlyCount "50"]
[EventDate "2017.??.??"]
[SourceDate "2016.09.26"]

1. d4 Nf6 2. Nf3 e6 3. c4 b6 4. g3 Bb7 5. Bg2 c5 6. d5 exd5 7. Nh4 g6 8. Nc3
Bg7 9. Nxd5 Nxd5 10. cxd5 O-O 11. O-O d6 12. e4 Nd7 13. Qc2 b5 14. Bd2 b4 15.
f4 a5 16. Rfe1 Rc8 17. Rad1 c4 18. Be3 c3 19. Bd4 Bxd4+ 20. Rxd4 Qb6 21. bxc3
Qxd4+ 22. cxd4 Rxc2 23. e5 Rfc8 24. e6 Nf6 25. e7 Rc1 0-1

[Event "SK Münster 4 - TV Borken 1"]
[Site "Verbandsliga 2016/2017"]
[Date "2017.02.11"]
[Round "7.4"]
[White "Schöpper, Oliver"]
[Black "Farwick, Christian"]
[Result "1-0"]
[WhiteElo "1818"]
[BlackElo "1795"]
[PlyCount "73"]
[EventDate "2017.??.??"]
[SourceDate "2016.09.26"]

1. d4 Nf6 2. c4 e6 3. g3 d5 4. Bg2 Be7 5. Nf3 O-O 6. O-O c6 7. Qc2 Nbd7 8. Nbd2
Qc7 9. e4 dxe4 10. Nxe4 Nxe4 11. Qxe4 Nf6 12. Qc2 c5 13. Bf4 Qb6 14. Rad1 Rd8
15. Be3 Bd7 16. Ne5 Rac8 17. dxc5 Bxc5 18. Bg5 Bd4 19. Nd3 Bc6 20. c5 Bxg2 21.
Kxg2 Qc6+ 22. Kg1 Qf3 23. Bxf6 Qxf6 24. b4 Rd5 25. Nf4 Rf5 26. Qe4 Rd8 27. Rd3
Re5 28. Qxb7 Rf5 29. Rfd1 Bxf2+ 30. Kxf2 Re8 31. Kg1 e5 32. Nd5 Qg5 33. Ne7+
Kf8 34. Nxf5 Qxf5 35. Rd8 Qg5 36. Rxe8+ Kxe8 37. Qd7+ 1-0

[Event "SK Münster 4 - TV Borken 1"]
[Site "Verbandsliga 2016/2017"]
[Date "2017.02.11"]
[Round "7.5"]
[White "Vijayakumaran, Vithoosan"]
[Black "Voß, Andreas"]
[Result "0-1"]
[WhiteElo "1736"]
[BlackElo "1802"]
[PlyCount "64"]
[EventDate "2017.??.??"]
[SourceDate "2016.09.26"]

1. b3 f5 2. Nf3 Nf6 3. e3 e6 4. Ba3 Bxa3 5. Nxa3 O-O 6. Nc4 b6 7. Be2 Bb7 8.
O-O Ne4 9. Ne1 f4 10. f3 Ng3 11. Rf2 Qh4 12. exf4 Nxe2+ 13. Qxe2 Qxf4 14. Nd3
Qd4 15. Re1 a5 16. a4 Ba6 17. Qe5 Qxe5 18. Ncxe5 d6 19. Nc4 Bxc4 20. bxc4 Re8
21. Rfe2 Kf7 22. Nf4 e5 23. Nd5 Na6 24. c3 Rac8 25. d4 exd4 26. cxd4 Rxe2 27.
Rxe2 Re8 28. Rb2 Re1+ 29. Kf2 Ra1 30. Nxb6 Nb4 31. Re2 cxb6 32. d5 Ra2 0-1

[Event "SK Münster 4 - TV Borken 1"]
[Site "Verbandsliga 2016/2017"]
[Date "2017.02.11"]
[Round "7.6"]
[White "Börger, Andreas"]
[Black "Theißen, Frank"]
[Result "1/2-1/2"]
[WhiteElo "1782"]
[BlackElo "1760"]
[PlyCount "44"]
[EventDate "2017.??.??"]
[SourceDate "2016.09.26"]

1. c4 e5 2. e4 Nf6 3. Nc3 Bb4 4. d3 Bxc3+ 5. bxc3 h6 6. Nf3 d6 7. Be2 O-O 8.
O-O Nc6 9. Ne1 Ne8 10. Bg4 f5 11. Bxf5 Bxf5 12. exf5 Rxf5 13. Qg4 Rf6 14. Rb1
b6 15. Nc2 Ne7 16. Nb4 Rg6 17. Qf3 Nf6 18. Be3 a5 19. Nc6 Nxc6 20. Qxc6 Rc8 21.
f3 Qd7 22. Qxd7 Nxd7 1/2-1/2

[Event "SK Münster 4 - TV Borken 1"]
[Site "Verbandsliga 2016/2017"]
[Date "2017.02.11"]
[Round "7.7"]
[White "Rickert, Berthold"]
[Black "Sokolowski, Cyril"]
[Result "1/2-1/2"]
[WhiteElo "1743"]
[BlackElo "1760"]
[PlyCount "39"]
[EventDate "2017.??.??"]
[SourceDate "2016.09.26"]

1. c4 Nf6 2. Nc3 d6 3. g3 g6 4. Bg2 Bg7 5. e4 e5 6. Nge2 Nc6 7. d3 h6 8. O-O
O-O 9. h3 Ne7 10. Nd5 Nfxd5 11. cxd5 f5 12. f4 Qe8 13. Qc2 c6 14. dxc6 Nxc6 15.
Be3 Be6 16. Qd2 Kh7 17. Kh2 Ne7 18. Nc3 Nc6 19. Rac1 Qd7 20. b3 1/2-1/2

[Event "SK Münster 4 - TV Borken 1"]
[Site "Verbandsliga 2016/2017"]
[Date "2017.02.11"]
[Round "7.8"]
[White "Stumpe, Danny"]
[Black "Klüppel, Ralf"]
[Result "0-1"]
[WhiteElo "1700"]
[BlackElo "1729"]
[PlyCount "114"]
[EventDate "2017.??.??"]
[SourceDate "2016.09.26"]

1. e4 c6 2. Nf3 d5 3. exd5 cxd5 4. d4 Nf6 5. Bd3 Nc6 6. O-O Bg4 7. c3 e6 8. Bb5
Qb6 9. Ba4 Bd6 10. Qd3 Bf5 11. Qe2 Bg4 12. Qd3 O-O 13. Nbd2 Bf5 14. Qe2 Qc7 15.
Re1 h6 16. Nf1 a6 17. Bc2 Bxc2 18. Qxc2 Rac8 19. Be3 b5 20. Qe2 Ra8 21. Rac1
Rfc8 22. N3d2 Qb8 23. Qf3 Nh7 24. Qg4 Kh8 25. f4 Ne7 26. Nf3 f5 27. Qg3 g5 28.
Ne5 Bxe5 29. dxe5 Rg8 30. Bc5 Ng6 31. fxg5 Nxg5 32. Nd2 Qc7 33. Bd4 Rg7 34. Kh1
Rag8 35. Qf2 Qf7 36. b3 Rd8 37. c4 dxc4 38. bxc4 Qd7 39. Nb3 Ne4 40. Rxe4 fxe4
41. c5 Ne7 42. Qf6 Nf5 43. c6 Qc8 44. Bc5 e3 45. g4 e2 46. Bd6 Nxd6 47. Qxh6+
Kg8 48. exd6 Rxd6 49. Nd2 Rxc6 50. Rg1 Rc1 51. Nf3 Rxg1+ 52. Kxg1 Qc5+ 53. Kg2
Qd5 54. Kf2 Qe4 55. Qh5 e1=Q+ 56. Nxe1 Rf7+ 57. Kg3 Qxe1+ 0-1

[Event "SG Ahaus-Wessum 1 - SF Telgte 1"]
[Site "Verbandsliga 2016/2017"]
[Date "2017.02.25"]
[Round "7.2"]
[White "Rosing, Hermann"]
[Black "Lodde, Martin"]
[Result "1/2-1/2"]
[WhiteElo "1943"]
[BlackElo "1984"]
[PlyCount "23"]
[EventDate "2017.??.??"]
[SourceDate "2016.09.26"]

1. e4 e6 2. d4 d5 3. exd5 exd5 4. c4 Nf6 5. Nc3 c6 6. Bd3 Be7 7. Nge2 dxc4 8.
Bxc4 O-O 9. Bf4 Nbd7 10. O-O Nb6 11. Bb3 Bg4 12. f3 1/2-1/2

[Event "SG Ahaus-Wessum 1 - SF Telgte 1"]
[Site "Verbandsliga 2016/2017"]
[Date "2017.02.25"]
[Round "7.3"]
[White "Kuhlenbäumer, Willi"]
[Black "Bauland, Thomas"]
[Result "1/2-1/2"]
[WhiteElo "1928"]
[BlackElo "1856"]
[PlyCount "21"]
[EventDate "2017.??.??"]
[SourceDate "2016.09.26"]

1. e4 e6 2. Nf3 d5 3. e5 c5 4. b4 cxb4 5. d4 Nc6 6. Bd3 Qb6 7. O-O g6 8. a3 Bg7
9. axb4 Nge7 10. c3 O-O 11. Bg5 1/2-1/2

[Event "SG Ahaus-Wessum 1 - SF Telgte 1"]
[Site "Verbandsliga 2016/2017"]
[Date "2017.02.25"]
[Round "7.4"]
[White "Diehlmann, Christian"]
[Black "Junker, Axel"]
[Result "1/2-1/2"]
[WhiteElo "1880"]
[BlackElo "1873"]
[PlyCount "36"]
[EventDate "2017.??.??"]
[SourceDate "2016.09.26"]

1. e4 c5 2. f4 d6 3. Nf3 e6 4. d3 Nc6 5. Nc3 g6 6. Be3 Bg7 7. Qd2 Nge7 8. O-O-O
Rb8 9. g4 Nd4 10. Bg2 b5 11. Ne2 Qb6 12. h4 Nxf3 13. Bxf3 Bb7 14. h5 Qa6 15.
Kb1 f5 16. hxg6 hxg6 17. Rxh8+ Bxh8 18. gxf5 gxf5 1/2-1/2

[Event "SG Ahaus-Wessum 1 - SF Telgte 1"]
[Site "Verbandsliga 2016/2017"]
[Date "2017.02.25"]
[Round "7.5"]
[White "Kuhlenbäumer, Alfred"]
[Black "Winking, Hendirk"]
[Result "1/2-1/2"]
[WhiteElo "1885"]
[BlackElo "1934"]
[PlyCount "25"]
[EventDate "2017.??.??"]
[SourceDate "2016.09.26"]

1. e4 c5 2. f4 Nc6 3. Nf3 g6 4. Bb5 Bg7 5. Bxc6 bxc6 6. O-O Nf6 7. Qe2 O-O 8.
c4 d6 9. Nc3 Rb8 10. d3 Ba6 11. Qc2 d5 12. b3 dxe4 13. dxe4 1/2-1/2

[Event "SG Ahaus-Wessum 1 - SF Telgte 1"]
[Site "Verbandsliga 2016/2017"]
[Date "2017.02.25"]
[Round "7.6"]
[White "ter Horst, Carsten"]
[Black "Esser, Peter"]
[Result "1/2-1/2"]
[WhiteElo "1847"]
[BlackElo "1758"]
[PlyCount "26"]
[EventDate "2017.??.??"]
[SourceDate "2016.09.26"]

1. c4 e6 2. g3 d5 3. Bg2 c6 4. cxd5 exd5 5. Nf3 Nf6 6. O-O Bd6 7. d3 O-O 8. b3
Bf5 9. Bb2 Nbd7 10. Nbd2 Qe7 11. Re1 Rfe8 12. Nh4 Bg4 13. Qc2 Be5 1/2-1/2

[Event "SG Ahaus-Wessum 1 - SF Telgte 1"]
[Site "Verbandsliga 2016/2017"]
[Date "2017.02.25"]
[Round "7.7"]
[White "Dieckmann, Werner"]
[Black "Woltering, Martin"]
[Result "1/2-1/2"]
[WhiteElo "1811"]
[BlackElo "1789"]
[PlyCount "21"]
[EventDate "2017.??.??"]
[SourceDate "2016.09.26"]

1. d4 e6 2. Nf3 f5 3. b3 Nf6 4. e3 d5 5. Bb2 Bd6 6. Be2 O-O 7. Nbd2 Nbd7 8. O-O
Ne4 9. c4 c6 10. g3 Qe8 11. Ne5 1/2-1/2

[Event "SG Ahaus-Wessum 1 - SF Telgte 1"]
[Site "Verbandsliga 2016/2017"]
[Date "2017.02.25"]
[Round "7.8"]
[White "Terdues, Guido"]
[Black "Schenke, Conrad"]
[Result "1/2-1/2"]
[WhiteElo "1720"]
[BlackElo "1661"]
[PlyCount "33"]
[EventDate "2017.??.??"]
[SourceDate "2016.09.26"]

1. f4 d5 2. Nf3 Nc6 3. e3 Bg4 4. Bb5 Nf6 5. b3 e6 6. Bb2 Be7 7. O-O O-O 8. Bxc6
bxc6 9. d3 c5 10. Nbd2 d4 11. Qe1 Nd5 12. Nc4 Bf6 13. Qg3 Bxf3 14. Rxf3 Nxe3
15. Nxe3 dxe3 16. Bxf6 Qxf6 17. Qe1 1/2-1/2

[Event "Südlohner SV 2 - SC Falke Saerbeck 1"]
[Site "Verbandsliga 2016/2017"]
[Date "2017.02.18"]
[Round "7.1"]
[White "Hegemann, Eike"]
[Black "Sparwel, Oliver"]
[Result "1-0"]
[WhiteElo "1987"]
[BlackElo "1906"]
[PlyCount "87"]
[EventDate "2017.??.??"]
[SourceDate "2016.09.26"]

1. e4 d6 2. d4 Nf6 3. Nc3 g6 4. Be3 Bg7 5. Qd2 c6 6. Bd3 Ng4 7. Nf3 Nxe3 8.
Qxe3 O-O 9. O-O Nd7 10. Rad1 e5 11. d5 c5 12. Nd2 f5 13. f3 f4 14. Qf2 g5 15.
Nc4 Rf6 16. Nb5 Bf8 17. a4 Rg6 18. Rfe1 Nf6 19. b4 b6 20. bxc5 bxc5 21. Kf1 g4
22. Ke2 a6 23. Nc3 Nh5 24. Kd2 g3 25. Qg1 gxh2 26. Qxh2 Ng3 27. Ne2 Ra7 28.
Nxg3 fxg3 29. Qg1 Bh6+ 30. Kc3 Bd7 31. Ra1 Rb7 32. Reb1 Rxb1 33. Qxb1 Bf4 34.
Qb6 Qe7 35. Qc7 Kf7 36. Rh1 h6 37. Nb6 Be8 38. Qxe7+ Kxe7 39. Bxa6 Kd8 40. Bb5
Bxb5 41. axb5 Rg7 42. Nc4 Rb7 43. b6 Kd7 44. Ra1 1-0

[Event "Südlohner SV 2 - SC Falke Saerbeck 1"]
[Site "Verbandsliga 2016/2017"]
[Date "2017.02.18"]
[Round "7.2"]
[White "Richters, Alfred"]
[Black "Fischer, Andreas"]
[Result "1/2-1/2"]
[WhiteElo "1885"]
[BlackElo "1927"]
[PlyCount "90"]
[EventDate "2017.??.??"]
[SourceDate "2016.09.26"]

1. d4 d5 2. Bf4 e6 3. e3 Nf6 4. Bd3 Be7 5. Nd2 Nbd7 6. Ngf3 O-O 7. Ne5 Re8 8.
Qf3 Nxe5 9. dxe5 Nd7 10. Qh3 Nf8 11. Nf3 c5 12. c3 Bd7 13. O-O Qb6 14. Rab1 Bb5
15. Bxb5 Qxb5 16. Rfd1 Qc4 17. a3 Red8 18. Qg3 Qe4 19. Rbc1 Rd7 20. Bg5 Ng6 21.
Bxe7 Nxe7 22. Qh4 Qxh4 23. Nxh4 Rad8 24. f4 Nc6 25. Nf3 Kf8 26. Kf2 b6 27. h3
Ke7 28. Rc2 a5 29. a4 Nb8 30. g4 Na6 31. Ke2 Rb8 32. Rcd2 Rdb7 33. Ra1 Nc7 34.
Ra2 Ra8 35. Rc2 Na6 36. Ra1 Nb8 37. Ra2 Nc6 38. Ra1 Rab8 39. Rd2 b5 40. axb5
Rxb5 41. Ra2 Rb3 42. h4 Ra8 43. Ra4 Rab8 44. Ra2 h5 45. g5 g6 1/2-1/2

[Event "Südlohner SV 2 - SC Falke Saerbeck 1"]
[Site "Verbandsliga 2016/2017"]
[Date "2017.02.18"]
[Round "7.3"]
[White "Hoge, Reinhard"]
[Black "Harbers, Gerard"]
[Result "1-0"]
[WhiteElo "1898"]
[BlackElo "1872"]
[PlyCount "105"]
[EventDate "2017.??.??"]
[SourceDate "2016.09.26"]

1. c4 Nf6 2. Nc3 g6 3. e4 d6 4. d4 Bg7 5. Nge2 c6 6. Ng3 O-O 7. Be2 e5 8. d5
Qe7 9. h4 cxd5 10. cxd5 b6 11. h5 Ba6 12. Bg5 Qd7 13. f3 Ne8 14. Qd2 f6 15. Be3
Bxe2 16. Qxe2 Qb7 17. f4 exf4 18. Bxf4 g5 19. Bd2 Nd7 20. h6 Bh8 21. O-O Ne5
22. Rf5 Rc8 23. Raf1 Rf7 24. Qh5 Rcc7 25. Nb5 Rce7 26. Nd4 Nc7 27. Bc3 Ng6 28.
Nc6 Rd7 29. Bxf6 Bxf6 30. Rxf6 Qa8 31. Qxg5 Qe8 32. Rxf7 Rxf7 33. Rxf7 Kxf7 34.
Qf5+ Kg8 35. Nh5 Qf7 36. Nf6+ Kh8 37. Qc8+ Nf8 38. Nd7 Ne8 39. Nxf8 Qxf8 40.
Qe6 Nf6 41. Ne7 Ne8 42. e5 dxe5 43. Qxe5+ Qf6 44. Qxf6+ Nxf6 45. d6 b5 46. Kf1
a5 47. Ke2 b4 48. Kf3 a4 49. Nd5 Nd7 50. Nxb4 Kg8 51. Kf4 Kf7 52. Kf5 Nb6 53.
Nc6 1-0

[Event "Südlohner SV 2 - SC Falke Saerbeck 1"]
[Site "Verbandsliga 2016/2017"]
[Date "2017.02.18"]
[Round "7.4"]
[White "Telöken, Stefan"]
[Black "Waltermann, Jens"]
[Result "1/2-1/2"]
[WhiteElo "1759"]
[BlackElo "1872"]
[PlyCount "49"]
[EventDate "2017.??.??"]
[SourceDate "2016.09.26"]

1. c4 Nf6 2. g3 g6 3. Bg2 Bg7 4. Nf3 O-O 5. O-O d6 6. Nc3 c6 7. d4 Nbd7 8. b3
Rb8 9. a4 a6 10. Bb2 Re8 11. Rb1 d5 12. Re1 Nf8 13. Ne5 e6 14. b4 Bd7 15. Qc2
b5 16. axb5 axb5 17. c5 Qc7 18. Na2 Ra8 19. Nc1 Ra6 20. Nb3 Rea8 21. Na5 Be8
22. h4 Kh8 23. Rbd1 Ng8 24. e4 f6 25. Nf3 1/2-1/2

[Event "Südlohner SV 2 - SC Falke Saerbeck 1"]
[Site "Verbandsliga 2016/2017"]
[Date "2017.02.18"]
[Round "7.6"]
[White "Musholt, Joachim"]
[Black "Lutterbey, Ralf"]
[Result "1/2-1/2"]
[WhiteElo "1677"]
[BlackElo "1903"]
[PlyCount "34"]
[EventDate "2017.??.??"]
[SourceDate "2016.09.26"]

1. e4 d5 2. exd5 Qxd5 3. Nc3 Qa5 4. d4 e5 5. dxe5 Bb4 6. Bd2 Nc6 7. Qe2 Bf5 8.
Qb5 O-O-O 9. Qxa5 Bxa5 10. O-O-O Nxe5 11. h3 Nf6 12. f4 Nc6 13. Nf3 Ne4 14.
Nxe4 Bxe4 15. Ng5 Bxd2+ 16. Rxd2 Rxd2 17. Kxd2 Bg6 1/2-1/2

[Event "Südlohner SV 2 - SC Falke Saerbeck 1"]
[Site "Verbandsliga 2016/2017"]
[Date "2017.02.18"]
[Round "7.7"]
[White "Bartsch, Rainer"]
[Black "Emming, Benedikt"]
[Result "0-1"]
[WhiteElo "1805"]
[BlackElo "1749"]
[PlyCount "58"]
[EventDate "2017.??.??"]
[SourceDate "2016.09.26"]

1. d4 d5 2. Nf3 Nf6 3. e3 e6 4. Bd3 c5 5. b3 Nc6 6. O-O cxd4 7. exd4 Be7 8. Bb2
O-O 9. a3 Bd7 10. Nbd2 Rc8 11. Ne5 Ne8 12. Re1 Nd6 13. c4 dxc4 14. Ndxc4 Nxc4
15. Nxc4 h6 16. Rc1 Na5 17. Ne5 Rxc1 18. Bxc1 Bc8 19. b4 Nc6 20. Nxc6 bxc6 21.
Be4 a5 22. Bxc6 axb4 23. axb4 Bxb4 24. Re2 Qd6 25. d5 Rd8 26. Qa4 exd5 27. Bxd5
Be6 28. Re4 Qxd5 29. Qxb4 Qxe4 0-1

[Event "Südlohner SV 2 - SC Falke Saerbeck 1"]
[Site "Verbandsliga 2016/2017"]
[Date "2017.02.18"]
[Round "7.8"]
[White "van de Laar, Han"]
[Black "Schröter, Manfred"]
[Result "1/2-1/2"]
[WhiteElo "1634"]
[BlackElo "1811"]
[PlyCount "53"]
[EventDate "2017.??.??"]
[SourceDate "2016.09.26"]

1. Nf3 d5 2. c4 e6 3. e3 Nf6 4. d4 c6 5. Nc3 Bd6 6. Be2 O-O 7. O-O Nbd7 8. a3
Ne4 9. Nxe4 dxe4 10. Nd2 f5 11. b4 Qh4 12. f4 e5 13. dxe5 Nxe5 14. g3 Qh6 15.
Nb3 Ng4 16. Bxg4 fxg4 17. c5 Be7 18. Bb2 Be6 19. Nd4 Bc4 20. Rf2 Bf6 21. Qxg4
Bxd4 22. Bxd4 Rad8 23. Rd2 Be6 24. Qe2 Qg6 25. Rf1 h5 26. Qg2 Bg4 27. Rff2
1/2-1/2

[Event "SC Rochade Emsdetten 2 - SF Beelen 1"]
[Site "Verbandsliga 2016/2017"]
[Date "2017.02.25"]
[Round "7.1"]
[White "Hofene, Dieter"]
[Black "Böhlich, Daniel"]
[Result "1-0"]
[WhiteElo "2015"]
[BlackElo "1994"]
[PlyCount "53"]
[EventDate "2017.??.??"]
[SourceDate "2016.09.26"]

1. d4 d5 2. Nc3 Nf6 3. Bg5 c5 4. Bxf6 gxf6 5. e3 Qa5 6. Qh5 e6 7. O-O-O Nc6 8.
Kb1 Bd7 9. Nge2 cxd4 10. exd4 Rc8 11. Nc1 Ne7 12. Nb3 Qc7 13. Nc5 Ng6 14. Nxd7
Kxd7 15. Bb5+ Kd8 16. Qf3 a6 17. Ba4 Qf4 18. Qxf4 Nxf4 19. g3 Nh3 20. Rhf1 f5
21. f4 h5 22. Rd3 Bd6 23. Ne2 Ke7 24. c3 Rh7 25. Re3 h4 26. Bc2 Kf6 27. g4 1-0

[Event "SC Rochade Emsdetten 2 - SF Beelen 1"]
[Site "Verbandsliga 2016/2017"]
[Date "2017.02.25"]
[Round "7.2"]
[White "Lücke, Thomas"]
[Black "Hanewinkel, Winfried"]
[Result "0-1"]
[WhiteElo "1825"]
[BlackElo "1901"]
[PlyCount "60"]
[EventDate "2017.??.??"]
[SourceDate "2016.09.26"]

1. Nf3 d5 2. d4 Nf6 3. e3 Bg4 4. b3 e6 5. Bb2 Bb4+ 6. c3 Be7 7. Nbd2 O-O 8. Bd3
Nbd7 9. c4 c5 10. h3 Bh5 11. O-O cxd4 12. exd4 Rc8 13. a3 Bd6 14. Qc2 Qc7 15.
Rac1 Bf4 16. g4 Bg6 17. Bxg6 hxg6 18. Qd3 Qb8 19. c5 Ne4 20. Rc2 f5 21. Nxe4
fxe4 22. Qb5 Rf7 23. Nh4 Nf8 24. Qe2 g5 25. Ng2 Bh2+ 26. Kh1 Ng6 27. Bc1 Rf3
28. Ne1 Rxh3 29. Kg2 Rxb3 30. Bxg5 Bf4 0-1

[Event "SC Rochade Emsdetten 2 - SF Beelen 1"]
[Site "Verbandsliga 2016/2017"]
[Date "2017.02.25"]
[Round "7.3"]
[White "Henke, Wolfgang"]
[Black "Hedwig, Johannes"]
[Result "0-1"]
[WhiteElo "1815"]
[BlackElo "1784"]
[PlyCount "32"]
[EventDate "2017.??.??"]
[SourceDate "2016.09.26"]

1. e4 c6 2. d4 d5 3. Nc3 dxe4 4. Nxe4 Bf5 5. Ng3 Bg6 6. Nf3 h6 7. Bc4 e6 8. Qe2
Ne7 9. O-O Nd7 10. Bb3 Qc7 11. Bd2 O-O-O 12. a4 Nf5 13. a5 h5 14. Ne5 Nxd4 15.
Qc4 Nxe5 16. Qc3 h4 0-1

[Event "SC Rochade Emsdetten 2 - SF Beelen 1"]
[Site "Verbandsliga 2016/2017"]
[Date "2017.02.25"]
[Round "7.4"]
[White "Nöring, Andreas"]
[Black "Cigelski, Rudolf"]
[Result "1/2-1/2"]
[WhiteElo "1836"]
[BlackElo "1822"]
[PlyCount "43"]
[EventDate "2017.??.??"]
[SourceDate "2016.09.26"]

1. e4 Nc6 2. d4 e5 3. dxe5 Nxe5 4. Nf3 Qf6 5. Be2 Bc5 6. Nc3 Ne7 7. O-O O-O 8.
Nd5 Nxd5 9. Qxd5 d6 10. Nxe5 Qxe5 11. Qxe5 dxe5 12. Bd2 Be6 13. Bc3 f6 14. Rfd1
Rfd8 15. b3 Rd6 16. Bb2 Rad8 17. Kf1 Kf7 18. f3 Ke7 19. Ke1 Be3 20. Rd3 Rxd3
21. Bxd3 Bd4 22. Ba3+ 1/2-1/2

[Event "SC Rochade Emsdetten 2 - SF Beelen 1"]
[Site "Verbandsliga 2016/2017"]
[Date "2017.02.25"]
[Round "7.5"]
[White "Hofene, Josef"]
[Black "Fehlings, Gerd"]
[Result "1/2-1/2"]
[WhiteElo "1710"]
[BlackElo "1753"]
[PlyCount "29"]
[EventDate "2017.??.??"]
[SourceDate "2016.09.26"]

1. e4 e6 2. d4 d5 3. Nc3 Nf6 4. Bg5 Bb4 5. e5 h6 6. Bd2 Bxc3 7. bxc3 Ne4 8. Qg4
g6 9. Bd3 Nxd2 10. Kxd2 c5 11. Nf3 c4 12. Be2 Qe7 13. a4 Nc6 14. Rhb1 Na5 15.
Rb2 1/2-1/2

[Event "SC Rochade Emsdetten 2 - SF Beelen 1"]
[Site "Verbandsliga 2016/2017"]
[Date "2017.02.25"]
[Round "7.6"]
[White "Hemmers, Dieter"]
[Black "Schemmann, Bernhard"]
[Result "1/2-1/2"]
[WhiteElo "1782"]
[BlackElo "1853"]
[PlyCount "46"]
[EventDate "2017.??.??"]
[SourceDate "2016.09.26"]

1. e4 c5 2. Nf3 Nc6 3. d4 cxd4 4. Nxd4 Nf6 5. Nc3 e5 6. Ndb5 d6 7. Bg5 a6 8.
Na3 b5 9. Nd5 Be7 10. Bxf6 Bxf6 11. c3 O-O 12. Nc2 Bg5 13. Nce3 Be6 14. Bd3 Ne7
15. Nxe7+ Qxe7 16. Qe2 Bxe3 17. Qxe3 f5 18. exf5 Bxf5 19. O-O Qf6 20. a4 Rab8
21. axb5 axb5 22. Rad1 Be6 23. Be4 Bc4 1/2-1/2

[Event "SC Rochade Emsdetten 2 - SF Beelen 1"]
[Site "Verbandsliga 2016/2017"]
[Date "2017.02.25"]
[Round "7.7"]
[White "Ruhe, Johannes"]
[Black "Wehmeier, Sven"]
[Result "0-1"]
[WhiteElo "1902"]
[BlackElo "1776"]
[PlyCount "56"]
[EventDate "2017.??.??"]
[SourceDate "2016.09.26"]

1. e4 e5 2. Nf3 Nc6 3. Bc4 Bc5 4. c3 Qe7 5. O-O d6 6. d4 exd4 7. cxd4 Bb6 8.
Nc3 Nf6 9. Nd5 Qd8 10. Bg5 h6 11. Bh4 g5 12. Bg3 Nxd5 13. exd5 Ne7 14. Re1 Bg4
15. Qa4+ Kf8 16. Rad1 Bxf3 17. gxf3 Ng6 18. Re4 Qf6 19. Rde1 Qxf3 20. R1e3 Qf6
21. Bd3 h5 22. Qd7 h4 23. Re6 fxe6 24. Rxe6 Qf3 25. Bxg6 Qd1+ 26. Re1 Qxe1+ 27.
Kg2 h3+ 28. Kf3 Qd1+ 0-1

[Event "SC Rochade Emsdetten 2 - SF Beelen 1"]
[Site "Verbandsliga 2016/2017"]
[Date "2017.02.25"]
[Round "7.8"]
[White "Schulte, Ralf"]
[Black "Hanewinkel, Martin"]
[Result "1/2-1/2"]
[WhiteElo "1738"]
[BlackElo "1814"]
[PlyCount "51"]
[EventDate "2017.??.??"]
[SourceDate "2016.09.26"]

1. d4 Nf6 2. Nf3 c5 3. c3 cxd4 4. cxd4 g6 5. Nc3 Bg7 6. Bf4 d6 7. Qb3 O-O 8. h3
a6 9. e3 Nc6 10. Be2 b5 11. O-O Bb7 12. Rac1 Rc8 13. a3 Na5 14. Qa2 Qb6 15. Nd2
Nc4 16. Rfd1 Nxd2 17. Rxd2 Nd5 18. Bg3 Nxc3 19. bxc3 Qa5 20. Qb2 Bd5 21. Rdd1
Rc6 22. Qb4 Qc7 23. a4 Bc4 24. axb5 Bxe2 25. bxc6 Bxd1 26. Rxd1 1/2-1/2

[Event "SF Stadtlohn 1 - SV Heiden 1"]
[Site "Verbandsliga 2016/2017"]
[Date "2017.02.25"]
[Round "7.1"]
[White "Wienen, Hermann"]
[Black "Mullink, Jochem"]
[Result "1/2-1/2"]
[WhiteElo "1965"]
[BlackElo "2038"]
[PlyCount "51"]
[EventDate "2017.??.??"]
[SourceDate "2016.09.26"]

1. e4 c5 2. Nf3 d6 3. d4 cxd4 4. Nxd4 Nf6 5. Nc3 a6 6. Be2 e6 7. O-O Be7 8. Be3
Qc7 9. a4 Nc6 10. Nb3 b6 11. f4 Nd7 12. Bf3 Rb8 13. Nd4 Nxd4 14. Bxd4 O-O 15.
Qe1 Rd8 16. Qg3 Bf8 17. Bg4 Bb7 18. Be2 Nc5 19. e5 Ra8 20. exd6 Qxd6 21. Rad1
Qe7 22. Kh1 Ne4 23. Nxe4 Bxe4 24. Bxb6 Rxd1 25. Bxd1 Qb4 26. Qe3 1/2-1/2

[Event "SF Stadtlohn 1 - SV Heiden 1"]
[Site "Verbandsliga 2016/2017"]
[Date "2017.02.25"]
[Round "7.2"]
[White "Lösing, Henrik"]
[Black "Berger, Alfred"]
[Result "1-0"]
[WhiteElo "1908"]
[BlackElo "1946"]
[PlyCount "49"]
[EventDate "2017.??.??"]
[SourceDate "2016.09.26"]

1. e4 c5 2. Nf3 a6 3. g3 g6 4. Bg2 Bg7 5. O-O Nf6 6. d3 Nc6 7. Nbd2 O-O 8. Re1
Qc7 9. Nf1 d5 10. e5 Ng4 11. e6 fxe6 12. h3 Nge5 13. Nxe5 Bxe5 14. c3 Bd7 15.
Bh6 Rf7 16. Nh2 Rxf2 17. Kxf2 Bxg3+ 18. Kg1 Bxh2+ 19. Kh1 Ne5 20. Rf1 Nf7 21.
Rxf7 Kxf7 22. Qf3+ Kg8 23. Rf1 Qb8 24. Qf7+ Kh8 25. Qg7# 1-0

[Event "SF Stadtlohn 1 - SV Heiden 1"]
[Site "Verbandsliga 2016/2017"]
[Date "2017.02.25"]
[Round "7.3"]
[White "Ehrlich, Hans-Georg"]
[Black "Krosenbrink, Marcel"]
[Result "1/2-1/2"]
[WhiteElo "1818"]
[BlackElo "1835"]
[PlyCount "69"]
[EventDate "2017.??.??"]
[SourceDate "2016.09.26"]

1. b4 e5 2. Bb2 d6 3. e3 f5 4. d4 Nd7 5. dxe5 dxe5 6. a3 Ngf6 7. Bc4 Bd6 8. Nf3
Qe7 9. Bb3 a5 10. c3 e4 11. Nd4 Ne5 12. Bc2 Nc4 13. Qc1 Ng4 14. g3 Bd7 15. Nd2
Nxb2 16. Qxb2 axb4 17. axb4 O-O 18. O-O Qg5 19. Rfe1 Qh6 20. Nf1 Ne5 21. Kg2 b6
22. Nd2 Qf6 23. Qb3+ Kh8 24. Nc4 Nf3 25. Red1 Nxd4 26. cxd4 Be6 27. Qc3 Bxc4
28. Qxc4 Qe7 29. b5 h6 30. Rxa8 Rxa8 31. Qd5 Rf8 32. Bb3 Qg5 33. Ra1 Qf6 34.
Ra8 Kh7 35. Rxf8 1/2-1/2